| 000 | 00418nam a2200133Ia 4500 | ||
|---|---|---|---|
| 008 | 231129s2016||||xx |||||||||||||| ||spa|| | ||
| 020 | _a978-958-56074-0-8 | ||
| 082 | _a861 P359v | ||
| 100 | _aPeñaranda Mauricio | ||
| 245 | 0 | _aVoces de Poetas | |
| 260 | _c2016 | ||
| 264 | _aPereira: Alcaldía de Pereira; Instituto Municipal de Cultura y Fomento al Turismo. | ||
| 942 |
_2ddc _cBKS |
||
| 999 |
_c26417 _d26417 |
||